Návrh systémových implikácii spoločnosti TOWER AUTOMOTIVE, a.s. na 4.priemyselnú revolúciu a 5.civilizačný zlom v kontexte s UR a USZP
Guardado en:
| Autor principal: | |
|---|---|
| Otros Autores: | |
| Formato: | Manuscrito Libro |
| Lenguaje: | eslovaco |
| Publicado: |
2019
|
| Materias: | |
| Acceso en línea: | http://is.stuba.sk/zp/portal_zp.pl?podrobnosti=138812 |
| Etiquetas: |
Sin Etiquetas, Sea el primero en etiquetar este registro!
|
MARC
| LEADER | 00000ntm a22000003a 4500 | ||
|---|---|---|---|
| 001 | stuzp66854 | ||
| 003 | SK-STU | ||
| 005 | 20190608210510.6 | ||
| 007 | ta | ||
| 008 | 150427s2015----xo-----f-mn---000-0-slo-d | ||
| 040 | |a STU |b slo | ||
| 041 | 0 | |a slo | |
| 100 | 1 | |a Kostelníková, Zuzana |u 064000 |k Z4 |4 aut |U MTF Materiálovotechnologická fakulta |T MTF Ústav priemyselného inžinierstva a manažmentu |X 47278 |U M4000 |Y 84 |7 47278 | |
| 242 | 0 | 1 | |a Design of system implications of TOWER AUTOMOTIVE, a.s. on the 4th Industrial Revolution and the 5th Civilization Break in Context with SD and SCSR |y eng |
| 245 | 1 | 0 | |a Návrh systémových implikácii spoločnosti TOWER AUTOMOTIVE, a.s. na 4.priemyselnú revolúciu a 5.civilizačný zlom v kontexte s UR a USZP |
| 260 | |c 2019 | ||
| 650 | 4 | |a trvalo udržateľný rozvoj |2 slo | |
| 650 | 4 | |a udržateľné spoločensky zodpovedné podnikanie |2 slo | |
| 650 | 4 | |a vplyv revolúcie na zamestnancov |2 slo | |
| 650 | 4 | |a priemyselná revolúcia |2 slo | |
| 650 | 4 | |a životné prostredie |2 slo | |
| 650 | 4 | |a the environment |2 eng | |
| 650 | 4 | |a sustainable socially responsible business |2 eng | |
| 650 | 4 | |a industrial revolution |2 eng | |
| 650 | 4 | |a the impact of the revolution on employees |2 eng | |
| 650 | 4 | |a sustainable development |2 eng | |
| 700 | 1 | |a Sakál, Peter |u 064000 |k Z1 |4 ths |U MTF Materiálovotechnologická fakulta |T MTF Ústav priemyselného inžinierstva a manažmentu |X 325 |U M4000 |Y 84 |7 A000000325 | |
| 856 | 4 | |u http://is.stuba.sk/zp/portal_zp.pl?podrobnosti=138812 | |
| 996 | |c M* DP-14129 |l MMSKP |s P |a 0 |w stuzp66854_0001 | ||